Movies Quiz

Random Movies Quiz

What Movie? Prostitutes in Films (Slideshow) Quiz Stats

Quiz not verified by Sporcle

Challenge
Share
Tweet
Score 0/30 Timer 08:00
0 Plays Today
% Correct
Pretty Woman
91.1%
Taken
82%
Monster
80.7%
Taxi Driver
74.9%
Sin City
74%
Moulin Rouge!
73.1%
Midnight Cowboy
63.1%
L.A. Confidential
55.8%
Deuce Bigalow: Male Gigolo
54.1%
American Gigolo
52.7%
The Basketball Diaries
51.2%
Trading Places
46.3%
Fargo
42.7%
American Psycho
40.1%
Risky Business
34.6%
% Correct
Unforgiven
33.4%
Klute
32.7%
Leaving Las Vegas
30.9%
Phone Booth
24.8%
Mighty Aphrodite
24.4%
True Romance
24%
From Hell
22.4%
My Own Private Idaho
21.2%
Chloe
17%
The Equalizer
16.5%
The Bad Lieutenant: Port of Call New Orleans
13.6%
Mysterious Skin
13%
Belle de Jour
10.8%
Hustle & Flow
9.5%
2046
4.4%

You're not logged in!

Compare scores with friends on all Sporcle quizzes.
Join for Free
OR
Log In

You Might Also Like...

Show Comments

Extras

Top Quizzes Today


Score Distribution

Your Account Isn't Verified!

In order to create a playlist on Sporcle, you need to verify the email address you used during registration. Go to your Sporcle Settings to finish the process.

Report this User

Report this user for behavior that violates our Community Guidelines.

Details: